| 000 | 00445nam a2200181Ia 4500 | ||
|---|---|---|---|
| 003 | 0100 | ||
| 008 | 130303s9999 xx 000 0 und d | ||
| 040 | _cARRUPELIB | ||
| 050 | _aBS2575.2.B6131963 | ||
| 100 | _aBornkamn, Gunther | ||
| 245 | _aTradition and interpretation in Matthew | ||
| 250 | _aBath, Gerhard., Held, Heinz Joachim | ||
| 260 | _aPhil. | ||
| 260 | _bThe Westminster Pr. | ||
| 260 | _C1963 | ||
| 300 | _a307p | ||
| 942 | 0 | 0 | _01 |
| 999 |
_c43510 _d43510 |
||